[Event "FIN-chT 1314"]
[Site "Finland"]
[Date "2013.10.12"]
[Round "3.4"]
[White "Vinke, Dietmar"]
[Black "Virtanen, Antti"]
[Result "1/2-1/2"]
[WhiteElo "2212"]
[BlackElo "2334"]
[PlyCount "63"]
[EventDate "2013.09.21"]
[EventType "team-tourn"]
[EventRounds "11"]
[EventCountry "FIN"]
[SourceTitle "EXT 2014"]
[Source "ChessBase"]
[SourceDate "2013.11.20"]
[SourceVersion "1"]
[SourceVersionDate "2013.11.20"]
[SourceQuality "1"]
[WhiteTeam "Oulu OSS"]
[BlackTeam "Helsinki Aatos"]
[WhiteTeamCountry "FIN"]
[BlackTeamCountry "FIN"]

1. d4 d6 2. e4 Nf6 3. Nc3 e5 4. dxe5 dxe5 5. Qxd8+ Kxd8 6. Bc4 Ke8 7. Nf3 Bd6 8. h3 c6 9. a4 a5 10. Be3 Nbd7 11. 0-0 Ke7 12. Nh4 g6 13. Rad1 Bc5 14. Bxc5+ Nxc5 15. Nf3 Nfd7 16. b3 f6 17. Nd2 Nb6 18. f3 Rd8 19. Kf2 Rd4 20. Ke3 Be6 21. Bxe6 Nxe6 22. Ne2 Rd6 23. Nb1 Rad8 24. Rxd6 Rxd6 25. Rc1 h5 26. h4 Rd8 27. g4 Rh8 28. Rh1 Nc8 29. gxh5 Rxh5 30. Ng3 Rh6 31. h5 Nf4 32. hxg6 1/2-1/2

[Event "FIN-chT 1213"]
[Site "Finland"]
[Date "2013.03.09"]
[Round "13.4"]
[White "Virtanen, Antti"]
[Black "Laihonen, Petteri"]
[Result "1/2-1/2"]
[WhiteElo "2343"]
[BlackElo "2255"]
[PlyCount "98"]
[EventDate "2012.09.28"]
[EventType "team-tourn"]
[EventRounds "11"]
[EventCountry "FIN"]
[SourceTitle "EXT 2014"]
[Source "ChessBase"]
[SourceDate "2013.11.20"]
[SourceVersion "1"]
[SourceVersionDate "2013.11.20"]
[SourceQuality "1"]
[WhiteTeam "Helsinki Aatos"]
[BlackTeam "Jyvaskyla JyS"]
[WhiteTeamCountry "FIN"]
[BlackTeamCountry "FIN"]

1. Nf3 c5 2. c4 g6 3. Nc3 Bg7 4. g3 Nc6 5. Bg2 e6 6. 0-0 Nge7 7. d3 0-0 8. Bg5 h6 9. Bd2 d5 10. a3 b6 11. Rb1 a5 12. Nb5 Ba6 13. b4 axb4 14. axb4 Bxb5 15. cxb5 Nxb4 16. Bxb4 cxb4 17. Rxb4 Qd7 18. e3 Ra5 19. Qb3 Rfa8 20. d4 Qd6 21. Rb1 Nc8 22. Qc3 Ne7 23. R4b3 Rc8 24. Qb2 Qc7 25. Bf1 Nf5 26. Ra3 Rxa3 27. Qxa3 Nd6 28. Bd3 Bf8 29. Qa4 Bg7 30. Kg2 Nc4 31. h4 Qd8 32. Ra1 Na5 33. Ne5 Bxe5 34. dxe5 Qc7 35. Qf4 Qc3 36. Rd1 Nc4 37. Bxc4 Rxc4 38. Qf6 Re4 39. Qd8+ Kg7 40. Qf6+ Kg8 41. Qd8+ Kg7 42. Qxb6 Rb4 43. Qc6 Qxe5 44. Rd4 Rxd4 45. exd4 Qe4+ 46. Kg1 Qe1+ 47. Kg2 Qe4+ 48. Kg1 Qe1+ 49. Kg2 Qe4+ 1/2-1/2

[Event "FIN-chT 1213"]
[Site "Finland"]
[Date "2012.11.17"]
[Round "6.4"]
[White "Jarvenpaa, Jari"]
[Black "Virtanen, Antti"]
[Result "0-1"]
[WhiteElo "2276"]
[BlackElo "2343"]
[PlyCount "156"]
[EventDate "2012.09.28"]
[EventType "team-tourn"]
[EventRounds "11"]
[EventCountry "FIN"]
[SourceTitle "CBM 151 Extra"]
[Source "ChessBase"]
[SourceDate "2012.12.18"]
[SourceVersion "1"]
[SourceVersionDate "2012.12.18"]
[SourceQuality "1"]
[WhiteTeam "Salo SK"]
[BlackTeam "Helsinki Aatos"]
[WhiteTeamCountry "FIN"]
[BlackTeamCountry "FIN"]

1. Nf3 g6 2. e4 Bg7 3. d4 d6 4. Nc3 Nf6 5. Be2 0-0 6. 0-0 Bg4 7. Bg5 h6 8. Be3 Nc6 9. d5 Nb8 10. h3 Bxf3 11. Bxf3 c6 12. Qd2 Kh7 13. Rfd1 Qa5 14. Nb1 Qxd2 15. Nxd2 cxd5 16. exd5 Na6 17. Nb3 Rfc8 18. c3 Nd7 19. Bg4 f5 20. Be2 Nac5 21. g4 Rf8 22. f3 Rac8 23. Nd4 fxg4 24. hxg4 Nb6 25. c4 Nca4 26. Rd2 Nxc4 27. Bxc4 Rxc4 28. b3 Rc3 29. Kf2 Nc5 30. Ke2 Bxd4 31. Rxd4 Rc2+ 32. Bd2 g5 33. Kd1 Rb2 34. Ke2 a5 35. Ke3 b6 36. Ke2 Kg6 37. Ke3 Rc8 38. Bc3 Rc2 39. Bd2 Nd7 40. f4 gxf4+ 41. Kxf4 Ne5 42. Ke3 Rf8 43. Ke2 Nf3 44. Rd3 Nxd2 45. Kd1 Rfc8 46. Rxd2 Rxd2+ 47. Kxd2 Rc5 48. Ke3 Rxd5 49. Rc1 Kg5 50. Rh1 Re5+ 51. Kf3 Rc5 52. Rh2 Rc3+ 53. Ke4 Kxg4 54. Rxh6 Rc2 55. Kd3 Rxa2 56. Re6 Kf5 57. Rxe7 b5 58. Kd4 b4 59. Kc4 Rc2+ 60. Kd5 Rd2+ 61. Kc6 Kf6 62. Ra7 Ke5 63. Kb5 Kd4 64. Rc7 Ra2 65. Rc1 d5 66. Rd1+ Kc3 67. Rxd5 Kxb3 68. Rd3+ Kc2 69. Rh3 b3 70. Kc4 Ra4+ 71. Kb5 Ra1 72. Kc4 b2 73. Rh2+ Kb1 74. Kb3 a4+ 75. Kb4 a3 76. Kb3 Kc1 77. Kc3 Kd1 78. Rg2 b1Q 0-1

[Event "FIN-chT 1213"]
[Site "Finland"]
[Date "2012.10.28"]
[Round "5.4"]
[White "Agopov, Mikael"]
[Black "Virtanen, Antti"]
[Result "1/2-1/2"]
[WhiteElo "2431"]
[BlackElo "2343"]
[PlyCount "42"]
[EventDate "2012.09.28"]
[EventType "team-tourn"]
[EventRounds "11"]
[EventCountry "FIN"]
[SourceTitle "EXT 2013"]
[Source "ChessBase"]
[SourceDate "2012.11.22"]
[SourceVersion "1"]
[SourceVersionDate "2012.11.22"]
[SourceQuality "1"]
[WhiteTeam "Porvoo Velhot"]
[BlackTeam "Helsinki Aatos"]
[WhiteTeamCountry "FIN"]
[BlackTeamCountry "FIN"]

1. e4 d6 2. d4 Nf6 3. Nc3 g6 4. Bg5 Bg7 5. Qd2 h6 6. Bf4 g5 7. Bg3 Nh5 8. 0-0-0 Nc6 9. Bb5 Bd7 10. d5 Nd4 11. Bxd7+ Qxd7 12. Nce2 Nxe2+ 13. Nxe2 Qa4 14. Nc3 Qa5 15. Kb1 c6 16. Rhe1 Nxg3 17. hxg3 Rc8 18. Re3 cxd5 19. Nxd5 Qxd2 20. Rxd2 e6 21. Nb4 Ke7 1/2-1/2